| 000 | 01052cab a2200325 4500 | ||
|---|---|---|---|
| 001 | ABS52452 | ||
| 008 | 090401t1994 xxu||||| |||| 00| 0 eng d | ||
| 035 | _a(Sirsi) u79083 | ||
| 041 | _aeng | ||
| 100 | _aAdair, A. S. | ||
| 245 | _aInvestment decision making: a behavioural perspective | ||
| 260 | _c1994 | ||
| 350 | _a0 | ||
| 490 |
_aJournal of Property Finance _v5(4) 1994, 32-42(6) |
||
| 520 | _aAnalyses investors` perceptions of property as an investment vehicle and quantifies investment behaviour in the London and Southeast markets. | ||
| 650 | _aPROPERTY-COMMERCIAL PROPERTY | ||
| 650 | _aINSTITUTIONAL INVESTMENT | ||
| 650 | _aINVESTMENT PORTFOLIOS | ||
| 650 | _aINVESTMENT PROPERTY | ||
| 650 | _aPERFORMANCE | ||
| 650 | _aPROPERTY INVESTMENT | ||
| 650 | _aPROPERTY PORTFOLIOS | ||
| 650 | _aRISK | ||
| 690 | _aPROPERTY-COMMERCIAL PROPERTY-COMMERCIAL PROPERTY FINANCE AND INVESTMENT | ||
| 690 | _aFINANCE AND INVESTMENT | ||
| 700 | _aBerry, J.N. | ||
| 700 | _aMcGreal, W.S. | ||
| 942 | _n0 | ||
| 948 | _c04/03/1997 | ||
| 999 |
_c49698 _d49698 |
||